Clubes de Futebol do Parana - Statistics

Estatísticas Gerais
  • Esse quiz foi jogado 618 vezes
    274 desde o último reset
  • A pontuação média é 8 de 12
Estatísticas das Respostas
Serie A % Correto
Coritiba
99%
Maringa
94%
Londrina
93%
Athletico
90%
Cascavel
88%
Cianorte
86%
Operario
81%
Azuriz
45%
São-Joseense
41%
Andraus Brasil
32%
PSTC
32%
Aruko
19%
Nenhum quiz correspondente encontrado
Distribuição das Pontuações
Porcentagem de Pessoas com Cada Pontuação
Percentil de Números Respondidos
Sua Pontuação Histórica
Você não jogou esse quiz desde o último reset